[Event "Polgar Challenge 2021"]
[Site "Online"]
[Date "2021.04.04"]
[Round "7.7"]
[White "Bjerre, Jonas Buhl"]
[Black "Murzin, Volodar"]
[Result "1-0"]
[WhiteElo "2550"]
[BlackElo "2478"]
[Annotator "ChessBase"]
[PlyCount "97"]
[EventDate "2021.04.08"]
[EventType "tourn"]
[EventCountry "NET"]
[SourceTitle "playchess.com"]
[Source "ChessBase"]
[SourceQuality "1"]
[TimeControl "600+5"]

1. d4 {[%emt 0:00:00]} Nf6 {[%emt 0:00:00]} 2. c4 {[%emt 0:00:00]} g6 {[%emt 0:00:00]} 3. Nc3 {[%emt 0:00:00]} Bg7 {[%emt 0:00:00]} 4. e4 {[%emt 0:00:01]} O-O {[%emt 0:00:01]} 5. Nf3 {[%emt 0:00:02]} d6 {[%emt 0:00:02]} 6. Be2 {[%emt 0:00:01]} e5 {[%emt 0:00:02]} 7. O-O {[%emt 0:00:03]} Nc6 {[%emt 0:00:29]} 8. d5 {[%emt 0:00:01]} Ne7 {[%emt 0:00:03]} 9. Bg5 {[%emt 0:00:02]} h6 {[%emt 0:00:04]} 10. Bd2 {[%emt 0:00:03]} Nd7 {[%emt 0:00:56]} 11. Qc1 {[%emt 0:00:03]} Kh7 {[%emt 0:00:02]} 12. Qc2 {[%emt 0:00:06]} f5 {[%emt 0:00:13]} 13. exf5 {[%emt 0:00:11]} gxf5 {[%emt 0:00:08]} 14. Nh4 {[%emt 0:00:44]} a5 {[%emt 0:01:20]} 15. a3 {[%emt 0:00:38]} Kg8 {[%emt 0:00:42]} 16. g3 {[%emt 0:00:26]} Nf6 {[%emt 0:00:54]} 17. b4 {[%emt 0:00:15]} Qe8 {[%emt 0:00:36]} 18. Nb5 {[%emt 0:00:49]} Qd7 {[%emt 0:00:13]} 19. Rad1 {[%emt 0:01:25]} axb4 {[%emt 0:00:55]} 20. axb4 {[%emt 0:00:06]} f4 {[%emt 0:00:04]} 21. Bf3 {[%emt 0:01:09]} Nfxd5 {[%emt 0:01:07]} 22. cxd5 {[%emt 0:00:59]} Qxb5 {[%emt 0:00:03]} 23. Qxc7 {[%emt 0:00:04]} Nf5 {[%emt 0:00:03]} 24. Nxf5 {[%emt 0:00:37]} Bxf5 {[%emt 0:00:04]} 25. Qxd6 {[%emt 0:00:12]} Bd3 {[%emt 0:01:50]} 26. Bg2 {[%emt 0:01:19]} Bxf1 {[%emt 0:00:31]} 27. Bxf1 {[%emt 0:00:03]} Qa4 {[%emt 0:00:05]} 28. Rc1 {[%emt 0:00:13]} Rf7 {[%emt 0:01:19]} 29. Bh3 {[%emt 0:00:13]} Kh8 {[%emt 0:00:08]} 30. Be6 {[%emt 0:00:27]} Rff8 {[%emt 0:00:02]} 31. Qe7 {[%emt 0:00:29]} e4 {[%emt 0:00:29]} 32. Bxf4 {[%emt 0:00:36]} Rae8 {[%emt 0:00:07]} 33. Qc7 {[%emt 0:00:11]} Qa2 {[%emt 0:00:04]} 34. Be3 {[%emt 0:00:18]} Qe2 {[%emt 0:00:03]} 35. Qc2 {[%emt 0:00:11]} Qf3 {[%emt 0:00:04]} 36. Qd1 {[%emt 0:00:05]} Qf6 {[%emt 0:00:04]} 37. Qg4 {[%emt 0:00:09]} Qb2 {[%emt 0:00:04]} 38. Rc7 {[%emt 0:00:04]} Be5 {[%emt 0:00:10]} 39. Qxe4 {[%emt 0:00:24]} Qa1+ {[%emt 0:00:09]} 40. Rc1 {[%emt 0:00:05]} Qb2 {[%emt 0:00:01]} 41. Qg6 {[%emt 0:00:13]} Bg7 {[%emt 0:00:04]} 42. Rc7 {[%emt 0:00:07]} Ra8 {[%emt 0:00:07]} 43. Bf5 {[%emt 0:00:11]} Rxf5 {[%emt 0:00:04]} 44. Qxf5 {[%emt 0:00:01]} Rf8 {[%emt 0:00:04]} 45. Qg6 {[%emt 0:00:07]} Qe5 {[%emt 0:00:04]} 46. Rf7 {[%emt 0:00:12]} Ra8 {[%emt 0:00:03]} 47. Qe6 {[%emt 0:00:04]} Qh5 {[%emt 0:00:09]} 48. Kg2 {[%emt 0:00:04]} Rd8 {[%emt 0:00:11]} 49. d6 {[%emt 0:00:06]} 1-0

[Event "Polgar Challenge 2021"]
[Site "Online"]
[Date "2021.04.04"]
[Round "7.8"]
[White "Gukesh D"]
[Black "Abdusattorov, Nodirbek"]
[Result "0-1"]
[WhiteElo "2578"]
[BlackElo "2627"]
[Annotator "TA"]
[PlyCount "134"]
[EventDate "2021.04.08"]
[EventType "tourn"]
[EventCountry "NET"]
[SourceTitle "playchess.com"]
[Source "ChessBase"]
[SourceQuality "1"]

{[%evp 10,134,1,0,3,-12,-7,-7,-11,-58,-61,-73,-54,-75,-56,-78,-87,-64,-83,-85,-78,-64,-66,-94,-75,-67,-70,-77,-67,-72,-50,-138,-6,-49,-10,-32,-32,-46,-42,-37,-35,-55,-50,-81,-31,-19,-23,-144,-131,-207,-217,-213,-186,-192,-195,-347,-320,-390,-397,-402,-403,-443,-400,-553,-491,-1391,-1351,-1482,-1277,-1577,-1495,-1095,-1596,-1491,-1355,-1164,-1008,-1008,-992,-992,-931,-921,-813,-747,-735,-666,-592,-592,-36,-66,-87,-66,-66,-386,-381,-379,-378,-478,-425,-354,0,-8,-8,-280,-277,-535,-15,-1114,-1114,-29968,-29970,-29967,-7092,-29980,-29981,-29979,-29976,-29983,-29984,-29983,-29984,-29988,-29989,-29991,-29992,-29992,-29993]} 1. d4 Nf6 2. Nf3 e6 3. c4 d5 4. g3 Bb4+ 5. Nbd2 dxc4 6. Bg2 b5 {E04: Open Catalan: 5 Nf3.} 7. a4 c6 8. O-O a5 {The position is equal.} 9. Ne1 Ra7 (9... Qxd4 10. axb5 Bb7 11. Nc2 $11) 10. Nc2 Be7 11. e4 O-O 12. e5 Nd5 13. Ne4 Nd7 {[%cal Bb8d7,Bd7f6,Bf6g4][%mdl 32] [#]} 14. h4 $146 ({Predecessor:} 14. Qg4 f5 15. exf6 N7xf6 16. Qe2 Nxe4 17. Qxe4 Bf6 18. Re1 Qb6 19. Bh3 Re7 20. Bd2 b4 21. Be3 b3 22. Na3 c3 23. Rab1 Qb4 {0-1 (23) Praczukowski,S (2166)-Krishna Teja,N (2368) Warsaw 2019}) 14... f6 15. exf6 N7xf6 16. Ng5 h6 17. Nf3 Ng4 18. Qe2 Qe8 19. Nd2 h5 20. Ne4 (20. Nf3 $15) 20... Qg6 (20... b4 $1 $17 21. f3 Ngf6) 21. Ne3 Nb4 22. axb5 cxb5 23. Nc3 $1 Nxe3 24. Bxe3 Bd7 25. d5 Ra6 26. Rad1 exd5 27. Nxd5 Nxd5 28. Bxd5+ (28. Rxd5 $11 {keeps the balance.} Bc6 29. Rfd1) 28... Kh8 $17 29. Bf3 (29. Bf4 $17 {might work better.} Bc5 30. Be4) 29... Bg4 $1 $19 30. Bxg4 Qxg4 ({Don't play} 30... hxg4 31. Rd7 $17) 31. Qxg4 hxg4 32. Rd7 $2 (32. Rd5 b4 33. Bc5 Bxc5 34. Rxc5) 32... Bf6 $1 33. Bd4 Rd8 34. Rxd8+ Bxd8 {[%mdl 4096] Endgame KRB-KRB} 35. Re1 {And now Re8+ would win.} Rd6 36. Re4 a4 37. Rxg4 (37. Kg2 $142 Kh7 38. Be5) 37... Bf6 38. Bxf6 gxf6 {KR-KR} 39. Rf4 Rd2 40. Rxf6 Rxb2 41. Kg2 a3 42. Ra6 a2 {Threatens to win with ...c3.} 43. Ra8+ Kg7 44. Ra7+ Kf6 {White must now prevent ...c3.} 45. Ra6+ Kf7 46. Ra7+ Kg6 47. Ra6+ Kf5 {aiming for ...c3.} 48. h5 Kg5 ({Black should play} 48... Rd2 $19 49. h6 c3) 49. h6 a1=Q $1 {[%cal Ra1a6]} 50. Rxa1 {h7 would kill now.} Kxh6 51. Ra6+ $2 {[%mdl 8192]} (51. Rc1 $1 $15) 51... Kg5 52. Rc6 Kf5 $1 {[%cal Rf5e4]} 53. Kf3 Rb3+ 54. Ke2 c3 $2 ({Better is} 54... Ke4 $19 {...Rb2+ is the strong threat.} 55. Kd1 Rb2) 55. Kd3 $11 b4 {Threatening ...Rb1.} 56. Rc5+ $2 {[%mdl 8192] [#]} (56. f4 $1 $11 {and White stays safe.}) 56... Ke6 $1 $19 57. g4 $2 {[#]} (57. f4 {was worth a try.} Rb2 58. g4) 57... Rb2 $2 (57... Kd6 $1 $19 {[%cal Rd6c5]} 58. Rc4 Rb2) 58. Rc4 {[%mdl 8192]} (58. f4 $11) 58... Kd5 59. Rd4+ Kc5 60. Rc4+ Kb5 {( -> ...Rd2+)} 61. Rf4 Rd2+ {Black mates.} 62. Ke3 b3 63. Rf8 b2 64. Rb8+ Kc4 65. g5 Rd5 66. g6 c2 67. Rc8+ Rc5 {Weighted Error Value: White=0.73/Black=0.43} 0-1

[Event "Polgar Challenge 2021"]
[Site "Online"]
[Date "2021.04.04"]
[Round "7.9"]
[White "Keymer, Vincent"]
[Black "Khademalsharieh, Sarasadat"]
[Result "1/2-1/2"]
[WhiteElo "2591"]
[BlackElo "2494"]
[Annotator "ChessBase"]
[PlyCount "129"]
[EventDate "2021.04.08"]
[EventType "tourn"]
[EventCountry "NET"]
[SourceTitle "playchess.com"]
[Source "ChessBase"]
[SourceQuality "1"]
[TimeControl "600+5"]

1. Nf3 {[%emt 0:00:00]} d5 {[%emt 0:00:00]} 2. e3 {[%emt 0:00:00]} Nf6 {[%emt 0:00:00]} 3. c4 {[%emt 0:00:00]} e6 {[%emt 0:00:00]} 4. Nc3 {[%emt 0:00:00]} c5 {[%emt 0:00:02]} 5. cxd5 {[%emt 0:00:00]} exd5 {[%emt 0:00:02]} 6. d4 {[%emt 0:00:02]} Nc6 {[%emt 0:00:04]} 7. Bb5 {[%emt 0:00:01]} Bd6 {[%emt 0:00:13]} 8. dxc5 {[%emt 0:00:01]} Bxc5 {[%emt 0:00:02]} 9. O-O {[%emt 0:00:03]} O-O {[%emt 0:00:02]} 10. b3 {[%emt 0:00:08]} Bg4 {[%emt 0:00:10]} 11. Bb2 {[%emt 0:00:11]} a6 {[%emt 0:00:45]} 12. Bxc6 {[%emt 0:00:02]} bxc6 {[%emt 0:00:01]} 13. h3 {[%emt 0:00:13]} Bd7 {[%emt 0:00:48]} 14. Na4 {[%emt 0:00:36]} Bd6 {[%emt 0:00:01]} 15. Qd4 {[%emt 0:00:13]} Rb8 {[%emt 0:00:15]} 16. Nc5 {[%emt 0:00:36]} Re8 {[%emt 0:00:21]} 17. Rac1 {[%emt 0:00:33]} Rb5 {[%emt 0:00:50]} 18. Rfd1 {[%emt 0:02:08]} Bc8 {[%emt 0:00:33]} 19. Nd3 {[%emt 0:00:47]} Bd7 {[%emt 0:00:39]} 20. Nde5 {[%emt 0:01:08]} c5 {[%emt 0:01:01]} 21. Qd2 {[%emt 0:00:49]} Be6 {[%emt 0:01:23]} 22. Qc2 {[%emt 0:00:03]} Ne4 {[%emt 0:00:15]} 23. Nd3 {[%emt 0:00:35]} Qa5 {[%emt 0:00:45]} 24. a3 {[%emt 0:00:28]} Rc8 {[%emt 0:00:49]} 25. Nf4 {[%emt 0:00:38]} Bxf4 {[%emt 0:00:21]} 26. exf4 {[%emt 0:00:00]} Qb6 {[%emt 0:00:27]} 27. b4 {[%emt 0:00:23]} Qb7 {[%emt 0:00:33]} 28. Qe2 {[%emt 0:00:27]} a5 {[%emt 0:00:18]} 29. f5 {[%emt 0:00:24]} Bxf5 {[%emt 0:00:03]} 30. Rxd5 {[%emt 0:00:04]} Qxd5 {[%emt 0:00:22]} 31. Qxb5 {[%emt 0:00:02]} axb4 {[%emt 0:00:01]} 32. axb4 {[%emt 0:00:02]} Nd6 {[%emt 0:00:27]} 33. Rxc5 {[%emt 0:00:26]} Qd1+ {[%emt 0:00:12]} 34. Qf1 {[%emt 0:00:01]} Qb3 {[%emt 0:00:11]} 35. Be5 {[%emt 0:00:14]} Qxb4 {[%emt 0:00:12]} 36. Rd5 {[%emt 0:00:33]} Nc4 {[%emt 0:00:26]} 37. Bxg7 {[%emt 0:00:13]} Be4 {[%emt 0:00:24]} 38. Rg5 {[%emt 0:00:05]} Bg6 {[%emt 0:00:01]} 39. Bd4 {[%emt 0:00:31]} Nd2 {[%emt 0:00:01]} 40. Nxd2 {[%emt 0:00:01]} Qxd2 {[%emt 0:00:01]} 41. Be3 {[%emt 0:00:01]} Qd6 {[%emt 0:00:02]} 42. h4 {[%emt 0:00:05]} h6 {[%emt 0:00:03]} 43. Rg3 {[%emt 0:00:03]} Kh7 {[%emt 0:00:01]} 44. h5 {[%emt 0:00:21]} Bxh5 {[%emt 0:00:04]} 45. Rh3 {[%emt 0:00:01]} Qd1 {[%emt 0:00:25]} 46. Qxd1 {[%emt 0:00:19]} Bxd1 {[%emt 0:00:01]} 47. Rxh6+ {[%emt 0:00:00]} Kg7 {[%emt 0:00:01]} 48. Rd6 {[%emt 0:00:04]} Bb3 {[%emt 0:00:02]} 49. Bd4+ {[%emt 0:00:02]} Kh7 {[%emt 0:00:01]} 50. Rf6 {[%emt 0:00:14]} Be6 {[%emt 0:00:01]} 51. Rf4 {[%emt 0:00:03]} Rc4 {[%emt 0:00:10]} 52. f3 {[%emt 0:00:07]} Ra4 {[%emt 0:00:03]} 53. Kf2 {[%emt 0:00:06]} Kg6 {[%emt 0:00:02]} 54. Rf6+ {[%emt 0:00:08]} Kh7 {[%emt 0:00:01]} 55. Ke3 {[%emt 0:00:07]} Ra5 {[%emt 0:00:06]} 56. g4 {[%emt 0:00:03]} Ra3+ {[%emt 0:00:04]} 57. Ke4 {[%emt 0:00:04]} Ra2 {[%emt 0:00:05]} 58. g5 {[%emt 0:00:08]} Rh2 {[%emt 0:00:03]} 59. Ke5 {[%emt 0:00:09]} Rh5 {[%emt 0:00:04]} 60. f4 {[%emt 0:00:03]} Kg8 {[%emt 0:00:03]} 61. f5 {[%emt 0:00:09]} Rxg5 {[%emt 0:00:03]} 62. Kf4 {[%emt 0:00:01]} Rxf5+ {[%emt 0:00:02]} 63. Rxf5 {[%emt 0:00:01]} Bxf5 {[%emt 0:00:00]} 64. Kxf5 {[%emt 0:00:00]} f6 {[%emt 0:00:02]} 65. Kxf6 {[%emt 0:00:00]} 1/2-1/2

[Event "Polgar Challenge 2021"]
[Site "Online"]
[Date "2021.04.04"]
[Round "7.10"]
[White "Mendonca, Leon Luke"]
[Black "Abdumalik, Zhansaya"]
[Result "1/2-1/2"]
[WhiteElo "2549"]
[BlackElo "2472"]
[Annotator "ChessBase"]
[PlyCount "129"]
[EventDate "2021.04.08"]
[EventType "tourn"]
[EventCountry "NET"]
[SourceTitle "playchess.com"]
[Source "ChessBase"]
[SourceQuality "1"]
[TimeControl "600+5"]

1. d4 {[%emt 0:00:00]} Nf6 {[%emt 0:00:00]} 2. c4 {[%emt 0:00:00]} g6 {[%emt 0:00:00]} 3. Nc3 {[%emt 0:00:04]} d5 {[%emt 0:00:00]} 4. Bf4 {[%emt 0:00:06]} Bg7 {[%emt 0:00:00]} 5. e3 {[%emt 0:00:05]} c6 {[%emt 0:00:26]} 6. Nf3 {[%emt 0:00:39]} O-O {[%emt 0:00:06]} 7. Bd3 {[%emt 0:00:52]} Be6 {[%emt 0:00:22]} 8. c5 {[%emt 0:00:44]} Nh5 {[%emt 0:00:09]} 9. Be5 {[%emt 0:01:26]} f6 {[%emt 0:00:23]} 10. Bxb8 {[%emt 0:00:52]} Rxb8 {[%emt 0:00:12]} 11. O-O {[%emt 0:01:54]} f5 {[%emt 0:01:18]} 12. b4 {[%emt 0:01:33]} Nf6 {[%emt 0:00:51]} 13. Ne5 {[%emt 0:00:47]} Ne4 {[%emt 0:00:13]} 14. Ne2 {[%emt 0:00:11]} Qc7 {[%emt 0:00:38]} 15. f4 {[%emt 0:00:12]} b6 {[%emt 0:00:58]} 16. Qc2 {[%emt 0:00:29]} bxc5 {[%emt 0:01:06]} 17. bxc5 {[%emt 0:00:00]} Rb4 {[%emt 0:00:43]} 18. Rab1 {[%emt 0:00:29]} Rfb8 {[%emt 0:00:03]} 19. Rxb4 {[%emt 0:00:07]} Rxb4 {[%emt 0:00:01]} 20. Rb1 {[%emt 0:00:44]} Rxb1+ {[%emt 0:00:15]} 21. Qxb1 {[%emt 0:00:00]} Bxe5 {[%emt 0:00:01]} 22. fxe5 {[%emt 0:00:00]} Bc8 {[%emt 0:00:13]} 23. Qb4 {[%emt 0:00:08]} Kf7 {[%emt 0:00:37]} 24. g3 {[%emt 0:00:04]} Ng5 {[%emt 0:00:15]} 25. Kg2 {[%emt 0:00:04]} Qb7 {[%emt 0:00:07]} 26. a3 {[%emt 0:00:21]} Ne6 {[%emt 0:00:26]} 27. Nc1 {[%emt 0:00:06]} Qxb4 {[%emt 0:00:24]} 28. axb4 {[%emt 0:00:02]} Nc7 {[%emt 0:00:00]} 29. Kf3 {[%emt 0:00:12]} Bb7 {[%emt 0:01:05]} 30. Nb3 {[%emt 0:00:03]} Ba6 {[%emt 0:00:09]} 31. Ke2 {[%emt 0:00:09]} Ke8 {[%emt 0:00:03]} 32. Na5 {[%emt 0:00:05]} Bxd3+ {[%emt 0:00:13]} 33. Kxd3 {[%emt 0:00:00]} Kd7 {[%emt 0:00:00]} 34. Nb3 {[%emt 0:00:04]} g5 {[%emt 0:00:15]} 35. Nd2 {[%emt 0:00:04]} h6 {[%emt 0:00:12]} 36. Nf3 {[%emt 0:00:11]} Ne6 {[%emt 0:00:03]} 37. Ne1 {[%emt 0:00:07]} Nc7 {[%emt 0:00:05]} 38. Nf3 {[%emt 0:00:03]} Ne6 {[%emt 0:00:01]} 39. Nd2 {[%emt 0:00:05]} g4 {[%emt 0:00:06]} 40. Nb1 {[%emt 0:00:06]} Ng5 {[%emt 0:00:03]} 41. Nd2 {[%emt 0:00:03]} Kc7 {[%emt 0:00:05]} 42. Ke2 {[%emt 0:00:12]} Kb7 {[%emt 0:00:01]} 43. Nb1 {[%emt 0:00:02]} Ne4 {[%emt 0:00:09]} 44. Kd3 {[%emt 0:00:06]} h5 {[%emt 0:00:05]} 45. Na3 {[%emt 0:00:04]} Ka6 {[%emt 0:00:17]} 46. Ke2 {[%emt 0:00:08]} Ng5 {[%emt 0:00:04]} 47. Kf2 {[%emt 0:00:06]} Nf3 {[%emt 0:00:23]} 48. Kg2 {[%emt 0:00:06]} Nd2 {[%emt 0:00:04]} 49. Kf2 {[%emt 0:00:02]} Nc4 {[%emt 0:00:12]} 50. Nc2 {[%emt 0:00:02]} Kb5 {[%emt 0:00:02]} 51. Ke2 {[%emt 0:00:01]} Ka4 {[%emt 0:00:18]} 52. Kd3 {[%emt 0:00:02]} a6 {[%emt 0:00:02]} 53. Kc3 {[%emt 0:00:03]} e6 {[%emt 0:00:04]} 54. Kd3 {[%emt 0:00:13]} Kb3 {[%emt 0:00:02]} 55. Ne1 {[%emt 0:00:01]} Kxb4 {[%emt 0:00:03]} 56. Ng2 {[%emt 0:00:02]} Kb3 {[%emt 0:00:16]} 57. Nf4 {[%emt 0:00:03]} a5 {[%emt 0:00:00]} 58. Nxe6 {[%emt 0:00:01]} a4 {[%emt 0:00:01]} 59. Nf4 {[%emt 0:00:14]} Nb2+ {[%emt 0:00:16]} 60. Kd2 {[%emt 0:00:02]} a3 {[%emt 0:00:07]} 61. Ne2 {[%emt 0:00:03]} Nc4+ {[%emt 0:00:00]} 62. Kd3 {[%emt 0:00:02]} Nb2+ {[%emt 0:00:02]} 63. Kd2 {[%emt 0:00:01]} Nc4+ {[%emt 0:00:00]} 64. Kd3 {[%emt 0:00:11]} Nb2+ {[%emt 0:00:17]} 65. Kd2 {[%emt 0:00:01]} 1/2-1/2

[Event "Polgar Challenge 2021"]
[Site "Online"]
[Date "2021.04.04"]
[Round "8.1"]
[White "Zhu, Jiner"]
[Black "Abdumalik, Zhansaya"]
[Result "1-0"]
[WhiteElo "2459"]
[BlackElo "2472"]
[Annotator "ChessBase"]
[PlyCount "75"]
[EventDate "2021.04.08"]
[EventType "tourn"]
[EventCountry "NET"]
[SourceTitle "playchess.com"]
[Source "ChessBase"]
[SourceQuality "1"]
[TimeControl "600+5"]

1. e4 {[%emt 0:00:00]} e5 {[%emt 0:00:00]} 2. Nf3 {[%emt 0:00:00]} Nc6 {[%emt 0:00:00]} 3. Bb5 {[%emt 0:00:00]} a6 {[%emt 0:00:00]} 4. Ba4 {[%emt 0:00:00]} Nf6 {[%emt 0:00:00]} 5. O-O {[%emt 0:00:01]} Be7 {[%emt 0:00:00]} 6. Re1 {[%emt 0:00:06]} b5 {[%emt 0:00:00]} 7. Bb3 {[%emt 0:00:01]} O-O {[%emt 0:00:00]} 8. d4 {[%emt 0:00:01]} d6 {[%emt 0:00:06]} 9. c3 {[%emt 0:00:02]} Bg4 {[%emt 0:00:05]} 10. d5 {[%emt 0:00:03]} Na5 {[%emt 0:00:08]} 11. Bc2 {[%emt 0:00:01]} c5 {[%emt 0:00:20]} 12. h3 {[%emt 0:00:30]} Bd7 {[%emt 0:00:28]} 13. b3 {[%emt 0:00:18]} Re8 {[%emt 0:00:05]} 14. Be3 {[%emt 0:00:04]} Bf8 {[%emt 0:00:21]} 15. Nbd2 {[%emt 0:00:03]} g6 {[%emt 0:00:09]} 16. Nf1 {[%emt 0:00:06]} Nh5 {[%emt 0:00:02]} 17. Qd2 {[%emt 0:03:01]} Bg7 {[%emt 0:00:08]} 18. Ng3 {[%emt 0:00:25]} Nf4 {[%emt 0:01:11]} 19. Ne2 {[%emt 0:00:16]} Qf6 {[%emt 0:00:10]} 20. Nxf4 {[%emt 0:00:55]} exf4 {[%emt 0:00:06]} 21. Bxf4 {[%emt 0:00:00]} Qxc3 {[%emt 0:00:04]} 22. e5 {[%emt 0:01:08]} Qxd2 {[%emt 0:00:27]} 23. Bxd2 {[%emt 0:00:01]} Nb7 {[%emt 0:00:02]} 24. Bf4 {[%emt 0:00:01]} c4 {[%emt 0:01:22]} 25. Rad1 {[%emt 0:01:17]} a5 {[%emt 0:01:20]} 26. exd6 {[%emt 0:00:44]} cxb3 {[%emt 0:00:03]} 27. axb3 {[%emt 0:00:25]} Rac8 {[%emt 0:00:20]} 28. Bb1 {[%emt 0:00:21]} Nc5 {[%emt 0:00:31]} 29. Rxe8+ {[%emt 0:01:00]} Rxe8 {[%emt 0:00:28]} 30. Rc1 {[%emt 0:00:07]} Rc8 {[%emt 0:00:29]} 31. Nd2 {[%emt 0:00:18]} a4 {[%emt 0:00:09]} 32. bxa4 {[%emt 0:00:26]} Nxa4 {[%emt 0:00:16]} 33. Rc7 {[%emt 0:00:17]} Rxc7 {[%emt 0:00:01]} 34. dxc7 {[%emt 0:00:01]} Nc3 {[%emt 0:00:00]} 35. Bd3 {[%emt 0:00:04]} b4 {[%emt 0:00:29]} 36. d6 {[%emt 0:00:06]} Nd5 {[%emt 0:00:08]} 37. Bb5 {[%emt 0:00:14]} Be6 {[%emt 0:00:43]} 38. d7 {[%emt 0:00:07]} 1-0

[Event "Polgar Challenge 2021"]
[Site "Online"]
[Date "2021.04.04"]
[Round "8.2"]
[White "Khademalsharieh, Sarasadat"]
[Black "Mendonca, Leon Luke"]
[Result "0-1"]
[WhiteElo "2494"]
[BlackElo "2549"]
[Annotator "ChessBase"]
[PlyCount "100"]
[EventDate "2021.04.08"]
[EventType "tourn"]
[EventCountry "NET"]
[SourceTitle "playchess.com"]
[Source "ChessBase"]
[SourceQuality "1"]
[TimeControl "600+5"]

1. d4 {[%emt 0:00:00]} Nf6 {[%emt 0:00:00]} 2. c4 {[%emt 0:00:00]} c6 {[%emt 0:00:00]} 3. Nf3 {[%emt 0:00:09]} d5 {[%emt 0:00:04]} 4. e3 {[%emt 0:00:01]} Bf5 {[%emt 0:00:04]} 5. Nc3 {[%emt 0:00:03]} e6 {[%emt 0:00:02]} 6. Nh4 {[%emt 0:00:01]} Be4 {[%emt 0:00:02]} 7. f3 {[%emt 0:00:05]} Bg6 {[%emt 0:00:02]} 8. Qb3 {[%emt 0:00:01]} Qc7 {[%emt 0:00:03]} 9. Bd2 {[%emt 0:00:03]} Be7 {[%emt 0:00:03]} 10. Nxg6 {[%emt 0:00:03]} hxg6 {[%emt 0:00:02]} 11. O-O-O {[%emt 0:00:09]} dxc4 {[%emt 0:01:43]} 12. Bxc4 {[%emt 0:00:03]} b5 {[%emt 0:00:02]} 13. Bd3 {[%emt 0:00:41]} a6 {[%emt 0:00:15]} 14. h3 {[%emt 0:00:21]} Nbd7 {[%emt 0:00:14]} 15. Ne4 {[%emt 0:00:28]} c5 {[%emt 0:00:46]} 16. Nxf6+ {[%emt 0:01:27]} Bxf6 {[%emt 0:00:55]} 17. Kb1 {[%emt 0:00:44]} O-O {[%emt 0:01:25]} 18. Be4 {[%emt 0:01:42]} Rac8 {[%emt 0:00:15]} 19. h4 {[%emt 0:01:00]} cxd4 {[%emt 0:01:11]} 20. exd4 {[%emt 0:01:05]} Bxd4 {[%emt 0:00:35]} 21. h5 {[%emt 0:00:09]} Nc5 {[%emt 0:00:13]} 22. Qc2 {[%emt 0:00:01]} f5 {[%emt 0:01:02]} 23. Bb4 {[%emt 0:00:42]} Rfd8 {[%emt 0:00:40]} 24. Bd3 {[%emt 0:02:13]} gxh5 {[%emt 0:00:37]} 25. Bxc5 {[%emt 0:00:09]} Qxc5 {[%emt 0:00:18]} 26. Qe2 {[%emt 0:00:07]} Qe5 {[%emt 0:00:22]} 27. Rxh5 {[%emt 0:00:10]} Qxe2 {[%emt 0:00:19]} 28. Bxe2 {[%emt 0:00:02]} Kf7 {[%emt 0:00:10]} 29. g4 {[%emt 0:00:09]} g6 {[%emt 0:00:25]} 30. Rh7+ {[%emt 0:00:05]} Bg7 {[%emt 0:00:02]} 31. gxf5 {[%emt 0:00:06]} exf5 {[%emt 0:00:13]} 32. Rhh1 {[%emt 0:00:02]} Be5 {[%emt 0:00:06]} 33. Bd3 {[%emt 0:00:01]} Kf6 {[%emt 0:00:02]} 34. Bc2 {[%emt 0:00:06]} Rh8 {[%emt 0:00:10]} 35. a4 {[%emt 0:00:12]} bxa4 {[%emt 0:00:21]} 36. Bxa4 {[%emt 0:00:03]} Rb8 {[%emt 0:00:05]} 37. b3 {[%emt 0:00:02]} Rxh1 {[%emt 0:00:05]} 38. Rxh1 {[%emt 0:00:01]} Rd8 {[%emt 0:00:00]} 39. Kc2 {[%emt 0:00:02]} Rc8+ {[%emt 0:00:03]} 40. Kd2 {[%emt 0:00:01]} Bf4+ {[%emt 0:00:11]} 41. Kd3 {[%emt 0:00:08]} Rd8+ {[%emt 0:00:02]} 42. Ke2 {[%emt 0:00:02]} Rd2+ {[%emt 0:00:01]} 43. Ke1 {[%emt 0:00:04]} Rc2 {[%emt 0:00:08]} 44. Rh8 {[%emt 0:00:03]} Kg5 {[%emt 0:00:14]} 45. Ra8 {[%emt 0:00:08]} Kh4 {[%emt 0:00:03]} 46. Rxa6 {[%emt 0:00:04]} g5 {[%emt 0:00:01]} 47. Rc6 {[%emt 0:00:04]} Rb2 {[%emt 0:00:03]} 48. Rc5 {[%emt 0:00:11]} Kg3 {[%emt 0:00:02]} 49. Rxf5 {[%emt 0:00:04]} Kxf3 {[%emt 0:00:01]} 50. Rc5 {[%emt 0:00:09]} Rb1+ {[%emt 0:00:05]} 0-1

[Event "Polgar Challenge 2021"]
[Site "Online"]
[Date "2021.04.04"]
[Round "8.3"]
[White "Abdusattorov, Nodirbek"]
[Black "Keymer, Vincent"]
[Result "1-0"]
[WhiteElo "2627"]
[BlackElo "2591"]
[Annotator "TA"]
[PlyCount "69"]
[EventDate "2021.04.08"]
[EventType "tourn"]
[EventCountry "NET"]
[SourceTitle "playchess.com"]
[Source "ChessBase"]
[SourceQuality "1"]

{[%evp 11,68,0,-3,0,0,-7,-12,-4,18,29,32,25,25,-1,4,0,0,0,0,0,0,0,20,0,0,-6,0,-22,-22,-20,-6,0,121,87,98,100,186,179,146,7,21,1,7,5,61,71,75,1,49,54,1123,1081,29996,29997,29997,29998,29998,29999,29999]} 1. e4 c5 2. Nf3 d6 3. Nc3 Nf6 4. e5 dxe5 5. Nxe5 a6 6. a4 Qc7 {6...Nbd7 deserves study.} 7. d4 {B50: Sicilian: 2...d6, Miscellaneous.} e6 8. Bf4 Bd6 9. Bg3 {The position is equal.} Nbd7 {[%cal Rd7e5]} 10. Nc4 Bxg3 11. hxg3 O-O 12. Qd3 {[#]} h6 $146 ({Predecessor:} 12... Rd8 13. dxc5 Nxc5 14. Qe3 Nd5 15. Qf3 Nb4 16. Ne3 Qe5 17. Be2 f5 18. Qh5 h6 {1-0 (26) Djuric,S (2460)-Bruned,B (2227) Metz 2008}) 13. a5 b5 14. axb6 $1 Nxb6 15. dxc5 Nxc4 16. Qxc4 Rb8 17. Bd3 Rxb2 18. O-O Bb7 19. Na4 (19. Qd4 {is more complex.} Qd7 20. Qd6 Rd8 21. Rfb1 Rxb1+ 22. Rxb1 Bc6 23. Bxa6 Qxd6 24. cxd6 Rxd6 25. Rb8+) 19... Rb5 20. Qc3 Ra5 {Strongly threatening ...Rxa4!} (20... Nd5 {with more complications.} 21. Qd2 Ra5 22. Rfb1 Bc6 23. Nc3 Rxa1 24. Rxa1 Nb4) 21. Rfb1 $1 {[%cal Rb1b7]} Bxg2 22. Kxg2 {Black must now prevent Rb6.} Rxa4 {[%mdl 64] Decoy} 23. Rxa4 ({Not} 23. Bh7+ $2 Kxh7 24. Rxa4 Qc6+ 25. Qf3 Qxa4 $19) 23... Qc6+ 24. Kg1 $1 Qxa4 25. Ra1 (25. c6 $1 $16 {[%cal Rc6c7]}) 25... Qg4 26. c6 {c7 is the strong threat.} Nd5 27. Qe5 Rc8 (27... Qg5 $1 $11 28. Qe4 g6) 28. Rxa6 $14 {Hoping for c7!} Nb4 {[#]} 29. Rb6 $40 {[%mdl 128] White has some attack.} (29. Qc7 $1 $16 {[%cal Rc7c8]} e5 30. Qb7 (30. Qd7 Qxd7 31. cxd7 Rd8 $17) 30... Nxa6 31. Bxa6 Qd1+ 32. Kh2) 29... Qd1+ ({Wrong is} 29... Nxc6 $2 {[#]} 30. Rxc6 $1 {[%mdl 512]} Rf8 31. Rd6 $18) 30. Kg2 Nxc2 {[%mdl 8192] [#] This costs Black the game.} (30... Nxd3 $14 31. cxd3 Qc2) 31. Rb8 $1 $18 {[%cal Rb8c8]} Rf8 (31... Ne3+ 32. fxe3) 32. Rxf8+ {[%mdl 64] Back Rank. White mates.} Kxf8 33. Qd6+ Ke8 34. Qd7+ Kf8 35. Qd8# {Weighted Error Value: White=0.21/Black=0.43} 1-0